| Поле | Инд. | ПП | Название | Значение |
|---|---|---|---|---|
| Тип записи | a | |||
| Библиографический уровень | m | |||
| 001 | Контрольный номер | 9d926047-9316-4fc7-8a4d-60ad6b58bf26 | ||
| 005 | Дата корректировки | 20131111182456.3 | ||
| 008 | Кодируемые данные | 000406 d | ||
| 020 | c | Цена, тираж | 22452.00 | |
| 041 | a | Код языка текста | rus | |
| 080 | a | Индекс УДК | 535(075.8) | |
| 084 | a | Индекс другой классификации/Индекс ББК | В34я731-1 | |
| 090 | c | Каталожный индекс | В34я731-1 | |
| x | Авторский знак | Л22 | ||
| a | Полочн. индекс | 535 | ||
| 100 | 1_ | a | Автор | Ландсберг Григорий Самуилович |
| 245 | 00 | a | Заглавие | Оптика |
| b | Продолж. заглавия | Учеб. пособие для студентов физ. спец. вузов | ||
| c | Ответственность | Г.С. Лансберг | ||
| 250 | a | Основные сведения об издании | 5-е изд., перераб. и доп. | |
| 260 | 0_ | a | Место издания | Москва |
| b | Издательство | Наука | ||
| c | Дата издания | 1976 | ||
| 300 | a | Объем | 926 с. | |
| b | Иллюстрации/ тип воспроизводства | ил. | ||
| 500 | a | Примечание | Имен., предм. указ.: с.917-926. | |
| 583 | k | Исполнитель действия | Мигунова Н.Г. | |
| 583 | a | Действие | Приписка 116 04.04.2000 | |
| k | Исполнитель действия | Взамен утраченных | ||
| 650 | a | Основная рубрика | Оптика | |
| x | Основная подрубрика | Учебники для вузов | ||
| 653 | a | Ключевые слова | Оптика | |
| a | Ключевые слова | Учебники | ||
| 852 | t | Порядковый номер экземпляра | 2 | |
| p | Инвентарный номер | 674037 (дар) | ||
| p | Инвентарный номер | 721447 60.00 | ||
| 888 | a | Бесплатные | ||
| 930 | a | Новая/Ретро | учебники | |
| 952 | p | 116.2000 60.00 1 721447 | ||
| c | Вид литературы | К ру | ||
| 999 | a | Подразделение 2 | Фил3 |